000 00784nam a22002057a 4500
999 _c13506
_d13506
003 AR-CdUCM
008 190415b ||||| |||| 00| 0 spa d
040 _aMUNICIPALIDAD PROVINCIAL DEL CUSCO
_cBIBLIOTECA MUNICIPAL DEL CUSCO
082 _a985.613 /
_bC / E93 / 1986
100 _aEstrada, Alcides F.
_96009
245 _aEl 51° aniversario de las aguas minero medicinales de Calca /
260 _aCusco :
_bGraphicolor,
_c1986.
300 _a27 páginas ;
_c22 cm.
505 _aContenido : Dos palabras -- Los baños minero-medicinales de Minasmocco -- Aguas minerales de Sacllo -- Termas minerales de Machacancha -- Callispucyu ...
650 _aBaños termales
_931951
650 _aCalca
_918136
650 _aCusco
_9772
942 _2ddc
_cLIBROS
945 _arah
_d15/04/2019